• 首页
  • 本馆介绍
  • 公告通知
  • 最新文献
  • 馆藏检索
  • 电子资源
  • 读者导购
  • 参考咨询
  • 我的图书馆
  • 登录
  • 详细信息显示
  • 放入我的书架
  • 预约/预借图书
  • 作者相关作品
  • 分类相关作品
  • 丛书相关作品
  • 出版社相关作品

书目信息

  • 表格格式
  • 工作单格式
  • 卡片格式
题名:
旅游美学基础
    
 
作者: 吴月红 , 刘丽君 主编
分册:  
出版信息: 北京   北京理工大学出版社  2011.7
页数: 245页
开本: 24cm
丛书名:
单 册:
中图分类: F590 , P901
科图分类:
主题词: 旅游--美学 , 景观美学 , 旅游 , 美学 , 景观美学
电子资源:
ISBN: 978-7-5640-3986-8
000 01069nam0 2200313 45
001 1354528561
005 20130510101058.98
010    @a978-7-5640-3986-8@dCNY36.00
100    @a20130108d2011 em y0chiy50 ea
101 0  @achi
102    @aCN@b110000
105    @ay z 000yy
106    @ar
200 1  @a旅游美学基础@ALu^ You Mei Xue Ji Chu@f吴月红,刘丽君主编@FWu Yue Hong, Liu Li Jun Zhu Bian
210    @a北京@c北京理工大学出版社@d2011.7
215    @a245页@d24cm
300    @a面向“十二五”高等教育课程改革项目研究成果
330    @a本书共有十章内容,首先主要介绍了旅游美学的研究现状、理论来源及其立学基础,并且延伸至对旅游审美活动本质的探讨;其次从微观的角度深入解析了“旅游审美活动”中的各种参与要素——旅游景观、旅游者、导游、饭店员工等。
606 0  @a旅游@x美学
606 0  @a景观美学
606 0  @a旅游
606 0  @a美学
606 0  @a景观美学
690    @aF590@v5
690    @aP901@v5
701  0 @a吴月红@AWu Yue Hong@4主编
701  0 @a刘丽君@ALiu Li Jun@4主编
801    @aCN@bTANGWEI@c20130109
905    @b0830593-97@dF590@e315@f5
    
    旅游美学基础/吴月红,刘丽君主编.-北京:北京理工大学出版社,2011.7
    245页;24cm
    面向“十二五”高等教育课程改革项目研究成果
    
    ISBN 978-7-5640-3986-8:CNY36.00
    本书共有十章内容,首先主要介绍了旅游美学的研究现状、理论来源及其立学基础,并且延伸至对旅游审美活动本质的探讨;其次从微观的角度深入解析了“旅游审美活动”中的各种参与要素——旅游景观、旅游者、导游、饭店员工等。
●
相关链接 在E读中查询图书 在五车中查询图书 在当当中查询图书 在豆瓣中查询图书


正题名:旅游美学基础     索取号:F590/315         预约/预借

序号 登录号 条形码 馆藏地/架位号 状态 备注
1 0830593   208305939   第一样本阅览室/ [索取号:F590/315] 在馆    
2 0830594   208305948   密集书库-资源管理系/ [索取号:F590/315] 在馆    
3 0830595   208305957   第一借阅区/ [索取号:F590/315] 在馆    
4 0830596   208305966   第一借阅区/ [索取号:F590/315] 在馆    
5 0830597   208305975   第一借阅区/ [索取号:F590/315] 在馆    
唐山师范学院图书馆 欢迎您!
大连网信软件有限公司© 版权所有